LEADER 01627nlm 2200253Ia 450 001 996716005003316 005 20260408103018.0 100 $a19840822d1659---- uy | 101 0 $aeng 102 $aUK 135 $adrcnu 200 1 $a<> elements of water-drawing, or, [A] compendious abstract of a[ll sorts of kinds] of water-machins or gins used or pr[actis]ed in the world$ewith their natural grounds and reasons, and what service may be expected from them : as also new exquisite ways and machins never before published : with a philosophical discourse and new discovery of drawing water out of great deeps by fier : where is also disapproved the perpetual motion, the water-poise, the syphon or philosophers engine, the horizontal sails, with divers other experiments /$fpublished for the improving the service of the mineral world .. 210 1 $aLondon$cPrinted by Tho. Leach for Henry Brome$d[1659?] 215 $aTesto elettronico (PDF) ([5], 41 p.) 230 $aBase dati testuale 330 $aPrefazione firmata: R. D'acres. Attribuito, senza prove sufficienti, a Robert Thornton.Data di stampa manoscritta sul frontespizio; Wing suggerisce il 1660.Riproduzione dell'originale conservata presso la British Library.Altri autori: Thornton, Robert, 1618-1679. 700 1$aD'ACRES,$bR$01009304 701 1$aThornton$bRobert$f1618-1679.$01018862 801 0$aIT$bcba$cREICAT 912 $a996716005003316 959 $aEB 969 $aER 996 $aElements of water-drawing, or, compendious abstract of all sorts of kinds of water-machins or gins used or practised in the world$94558307 997 $aUNISA